000 00495nam a2200169Ia 4500
008 220216s9999 xx 000 0 und d
100 _aIgnatz-Hoover F
245 0 _aInsights into sulfur vulcanization from QSPR quantitative structure-property relationships studies
260 _bRubber Chemistry and Technology
_c1999
300 _a318-333
650 _aQSPR
650 _aSulfur vulcanization
700 _aKarelson M
700 _aKatritzky A R
700 _aLobanov V S
942 _cJS
999 _c61443
_d61443